Bladee Lyrics #3 - Statistics

General Stats
  • This quiz has been taken 65 times
  • The average score is 5 of 10
Answer Stats
Hint Answer % Correct
If I post pics, you gotta like it / If you do this then you're the nicest Be Nice 2 Me
94%
I come from the snow, it's cold, cold, colder Who Goes There
76%
I give myself up to the red light Decay
61%
Pure love only, baby / Always is, always was I Think...
53%
I'm just trying to touch the real but it's plastic, fake Waster
49%
All this time I got your hopes up, you've been talking to a ghost Close
45%
Flowers bloom / Never ending / Story of my life Girls Just Want to Have Fun
37%
I'm falling through the clouds / Can't deny I got you on my mind, on my mind Wrist Cry
35%
I let the neon diamonds glisten / I'm speakin' codes so baby, listen FLEXING & FINESSING
24%
I walk and star signs upwards, glory and the fame Amygdala
8%
No matching quizzes found
Score Distribution
Percent of People with Each Score
Percentile by Number Answered
Your Score History
You have not taken this quiz